| 000 | 00836nac a22002171u 4500 | ||
|---|---|---|---|
| 010 | _a 63011600 | ||
| 082 | 0 | 0 |
_a677.3 _bVON |
| 090 |
_c6332 _d6332 |
||
| 100 | _aVon Bergen, Werner, | ||
| 245 | 1 | 0 |
_aWool handbook; _ba text and reference book for the entire wool industry / _cprepared by a staff of specialists under the editorship of Werner von Bergen. |
| 250 | _a3d enl. ed. | ||
| 260 |
_aNew York: _bInterscience Publishers,c.[1963]. _cc.[1963]. |
||
| 300 |
_av. _billus. _c24 cm. |
||
| 500 | _aFirst edition published in 1938 under title: American wool handbook. | ||
| 500 | _aDistributer: Al-Ahram. | ||
| 511 | _aCatalogued By: Mahitab. | ||
| 650 | 0 | _aWool industry. | |
| 650 | 0 |
_aWool _zUnited States. |
|
| 942 |
_cNB _k677.3VON |
||
| 999 |
_c6332 _d6332 |
||